Countiries with B - Statistics

General Stats
  • This quiz has been taken 21 times
  • The average score is 11 of 17
Answer Stats
Hint Answer % Correct
B Belgium
90%
B Bahamas
81%
B Bolivia
81%
B Brazil
76%
B Bahrain
71%
B Bangladesh
71%
B Barbados
71%
B Benin
71%
B Botswana
71%
B Bhutan
67%
B Belarus
57%
B Brunei
57%
B Burundi
57%
B Belize
52%
B Bosnia and Herzegovina
48%
B Bulgaria
48%
B Burkina Faso
38%
No matching quizzes found
Score Distribution
Percent of People with Each Score
Percentile by Number Answered
Your Score History
You have not taken this quiz